[Event "SVK Amateur-ch 2020"]
[Site "Topolcany"]
[Date "2020.07.11"]
[Round "3.1"]
[White "Hasterok, Mateusz"]
[Black "Kleman, Miroslav"]
[Result "1/2-1/2"]
[WhiteElo "2056"]
[BlackElo "2198"]
[Annotator "TA"]
[PlyCount "73"]
[EventDate "2020.07.10"]
[EventType "swiss"]
[EventCountry "SVK"]
[SourceTitle "playchess.com"]
[Source "ChessBase"]
[SourceQuality "1"]

{[%evp 11,73,50,70,58,65,63,63,61,65,56,84,60,66,65,52,10,26,25,29,20,27,30,35,27,30,22,27,29,29,26,26,33,43,43,43,43,43,43,37,37,43,43,43,43,43,43,43,43,43,43,43,3,14,3,14,14,47,3,3,3,3,0,3,3]} 1. d4 d6 2. c4 e5 3. Nc3 Nf6 4. Nf3 Nbd7 5. e4 c6 6. Be2 a6 7. O-O {A55: Old Indian Defence with Nf3 and e4.} b5 8. a3 Be7 9. Qc2 {White is slightly better.} Bb7 10. Rd1 Qb8 11. b4 O-O {[#]} 12. Bg5 $146 ({Predecessor:} 12. Bb2 Re8 13. dxe5 dxe5 14. c5 Qc7 15. Rd2 Rad8 16. Nd1 g6 17. Ne3 h5 18. Bd3 {1-0 (41) Gunasekaran,K (2210)-Webster,A (2430) Sangli 1999}) 12... Re8 13. d5 cxd5 14. cxd5 Rc8 15. Rac1 Nb6 16. Qb3 Bd8 {With the idea ...Rxc3!} 17. Bxf6 Bxf6 18. a4 bxa4 19. Nxa4 Bd8 20. Nd2 Rxc1 21. Rxc1 Nxa4 22. Qxa4 {[%cal Ra4e8] [#]} Bg5 23. Rc2 {And now Nf3 would win.} Bxd2 24. Rxd2 Qd8 25. Qa5 Kf8 26. Rc2 {[#] Rc7 is the strong threat.} Qxa5 27. bxa5 Rc8 28. Rxc8+ Bxc8 $14 {[%mdl 4096] Endgame KB-KB} 29. g3 g6 30. f4 f5 31. Kf2 Ke7 32. Ke3 Kf6 33. exf5 Kxf5 34. h3 {aiming for Bg4+.} exf4+ {The position is equal.} 35. gxf4 {Black must now prevent Bg4+.} h5 36. Bd3+ Kf6 37. h4 {Accuracy: White = 87%, Black = 91%.} 1/2-1/2

[Event "SVK Amateur-ch 2020"]
[Site "Topolcany"]
[Date "2020.07.11"]
[Round "3.2"]
[White "Takacs, Laszlo"]
[Black "Blaho, Stefan"]
[Result "1/2-1/2"]
[WhiteElo "2187"]
[BlackElo "2050"]
[Annotator "TA"]
[PlyCount "41"]
[EventDate "2020.07.10"]
[EventType "swiss"]
[EventCountry "SVK"]
[SourceTitle "playchess.com"]
[Source "ChessBase"]
[SourceQuality "1"]

{[%evp 9,41,52,67,7,16,15,23,16,16,-12,0,-56,-58,-56,-71,-58,-49,-66,0,-10,0,0,13,-55,-41,-51,-39,-51,-31,-46,-8,-104,-102,-91]} 1. e4 d6 2. d4 Nf6 3. Nc3 c6 4. Be3 Qa5 5. f3 e5 6. a4 {B07: Pirc Defence: Miscellaneous Systems.} ({Better is} 6. a3 $14) 6... Be6 {[#]} 7. Bd3 $146 ({Predecessor:} 7. Nge2 Be7 8. g3 Na6 9. Bg2 h5 10. h3 O-O-O 11. Qc1 Nh7 12. O-O g5 13. Kh1 {1-0 (27) Mastrokoukos,G (2374)-Raptis,G (2143) Chalkida 2000}) 7... Be7 8. Nge2 {White has an edge.} Na6 9. Bd2 Nb4 10. d5 (10. O-O $11) 10... Bd7 $15 {[%cal Rc6d5]} 11. Na2 Nxd3+ 12. cxd3 Qd8 13. dxc6 Bxc6 ({Black should try} 13... bxc6 $15 14. b4 O-O) 14. d4 O-O 15. O-O a5 16. Qb3 (16. Be3 $11) 16... d5 17. dxe5 Nd7 $1 $36 {[%mdl 2048] Black is pushing.} 18. exd5 Nc5 {[%mdl 64] Double Attack} 19. Qe3 Bxd5 {And now ...Nb3 would win.} 20. Bc3 {[#]} (20. Nac1 $11) 20... Nb3 $1 $17 {[%cal Rb3a1][%mdl 1024] Black has strong compensation.} ({Reject} 20... Nxa4 $6 21. Bd4 $11) 21. Rad1 {Accuracy: White = 54%, Black = 93%.} 1/2-1/2

[Event "SVK Amateur-ch 2020"]
[Site "Topolcany"]
[Date "2020.07.11"]
[Round "3.2"]
[White "Kovarikova, Maria"]
[Black "Pniaczek Marek"]
[Result "0-1"]
[WhiteElo "1844"]
[BlackElo "2102"]
[Annotator "ChessBase"]
[PlyCount "53"]
[EventDate "2020.07.10"]
[EventType "swiss"]
[EventCountry "SVK"]
[SourceTitle "playchess.com"]
[Source "ChessBase"]
[SourceQuality "1"]
[TimeControl "3600+30"]

1. e4 {[%emt 0:00:00]} e5 {[%emt 0:00:00]} 2. Nf3 {[%emt 0:00:00]} Nc6 {[%emt 0:00:00]} 3. d4 {[%emt 0:00:00]} exd4 {[%emt 0:00:00]} 4. c3 {[%emt 0:00:03]} Nf6 {[%emt 0:00:00]} 5. e5 {[%emt 0:00:11]} Nd5 {[%emt 0:00:00]} 6. cxd4 {[%emt 0:00:11]} Bb4+ {[%emt 0:00:00]} 7. Bd2 {[%emt 0:00:09]} Bxd2+ {[%emt 0:00:11]} 8. Qxd2 {[%emt 0:00:05]} d6 {[%emt 0:00:12]} 9. Nc3 {[%emt 0:02:21]} dxe5 {[%emt 0:00:20]} 10. Bb5 {[%emt 0:01:58]} O-O {[%emt 0:12:49]} 11. Bxc6 {[%emt 0:02:39]} bxc6 {[%emt 0:00:18]} 12. O-O {[%emt 0:00:31]} exd4 {[%emt 0:04:18]} 13. Nxd4 {[%emt 0:00:52]} Bb7 {[%emt 0:02:47]} 14. Na4 {[%emt 0:02:20]} Qd6 {[%emt 0:03:08]} 15. Rac1 {[%emt 0:06:15]} Nf4 {[%emt 0:02:22]} 16. Rfd1 {[%emt 0:13:04]} c5 {[%emt 0:06:46]} 17. Rxc5 {[%emt 0:01:04]} Rad8 {[%emt 0:05:16]} 18. Qc2 {[%emt 0:10:59]} Rfe8 {[%emt 0:01:29]} 19. Rc4 {[%emt 0:08:02]} Nxg2 {[%emt 0:00:55]} 20. Nc3 {[%emt 0:00:53]} c5 {[%emt 0:04:12]} 21. Nde2 {[%emt 0:09:32]} Qe6 {[%emt 0:01:55]} 22. b3 {[%emt 0:05:15]} Ne3 {[%emt 0:02:11]} 23. fxe3 {[%emt 0:01:28]} Qxe3+ {[%emt 0:00:04]} 24. Kf1 {[%emt 0:00:06]} Qf3+ {[%emt 0:00:05]} 25. Ke1 {[%emt 0:00:08]} Qh1+ {[%emt 0:00:03]} 26. Kf2 {[%emt 0:00:10]} Qg2+ {[%emt 0:00:03]} 27. Ke1 {[%emt 0:00:12]} 0-1

[Event "SVK Amateur-ch 2020"]
[Site "Topolcany"]
[Date "2020.07.11"]
[Round "3.3"]
[White "Iolis, Oleg"]
[Black "Stevik, Patrik ml."]
[Result "1/2-1/2"]
[WhiteElo "2166"]
[BlackElo "2047"]
[Annotator "ChessBase"]
[PlyCount "73"]
[EventDate "2020.07.10"]
[EventType "swiss"]
[EventCountry "SVK"]
[SourceTitle "playchess.com"]
[Source "ChessBase"]
[SourceQuality "1"]
[TimeControl "3600+30"]

1. e4 {[%emt 0:00:00]} b6 {[%emt 0:00:29]} 2. d4 {[%emt 0:00:59]} Bb7 {[%emt 0:00:09]} 3. Nc3 {[%emt 0:01:26]} e6 {[%emt 0:00:23]} 4. Nf3 {[%emt 0:02:47]} Nf6 {[%emt 0:01:07]} 5. Bd3 {[%emt 0:00:29]} Be7 {[%emt 0:01:05]} 6. O-O {[%emt 0:00:08]} d6 {[%emt 0:00:17]} 7. Re1 {[%emt 0:03:28]} Nbd7 {[%emt 0:00:18]} 8. e5 {[%emt 0:02:18]} dxe5 {[%emt 0:03:20]} 9. dxe5 {[%emt 0:00:40]} Nd5 {[%emt 0:00:18]} 10. Bd2 {[%emt 0:09:59]} c5 {[%emt 0:02:25]} 11. Qe2 {[%emt 0:04:17]} a6 {[%emt 0:02:05]} 12. Nxd5 {[%emt 0:00:58]} Bxd5 {[%emt 0:00:24]} 13. c4 {[%emt 0:02:01]} Bc6 {[%emt 0:01:31]} 14. Rad1 {[%emt 0:00:06]} Qc7 {[%emt 0:00:33]} 15. Bg5 {[%emt 0:04:20]} h6 {[%emt 0:06:40]} 16. Bxe7 Kxe7 {[%emt 0:00:01]} 17. Nd2 {[%emt 0:03:20]} g5 {[%emt 0:05:25]} 18. a3 {[%emt 0:02:38]} Rag8 {[%emt 0:02:55]} 19. b4 {[%emt 0:00:38]} g4 {[%emt 0:01:44]} 20. b5 {[%emt 0:02:51]} Ba8 {[%emt 0:02:55]} 21. bxa6 {[%emt 0:02:19]} h5 {[%emt 0:00:20]} 22. Qe3 {[%emt 0:03:24]} h4 {[%emt 0:01:32]} 23. Be4 {[%emt 0:00:05]} Qxe5 {[%emt 0:01:14]} 24. f4 {[%emt 0:04:02]} gxf3 {[%emt 0:01:55]} 25. Nxf3 {[%emt 0:00:05]} Qxe4 {[%emt 0:01:13]} 26. Rxd7+ {[%emt 0:02:32]} Kxd7 {[%emt 0:04:02]} 27. Qd2+ {[%emt 0:00:06]} Qd4+ {[%emt 0:00:45]} 28. Nxd4 {[%emt 0:00:07]} Rxg2+ {[%emt 0:00:08]} 29. Qxg2 {[%emt 0:00:34]} Bxg2 {[%emt 0:00:12]} 30. Nxe6 {[%emt 0:02:55]} fxe6 {[%emt 0:02:17]} 31. Kxg2 {[%emt 0:00:03]} Ra8 {[%emt 0:00:17]} 32. a4 {[%emt 0:04:38]} Rxa6 {[%emt 0:00:25]} 33. Ra1 {[%emt 0:00:03]} Ra8 {[%emt 0:04:26]} 34. Kh3 {[%emt 0:00:05]} Rh8 {[%emt 0:01:52]} 35. Rb1 {[%emt 0:01:51]} Kc6 {[%emt 0:00:26]} 36. Re1 {[%emt 0:00:04]} Kd6 {[%emt 0:01:20]} 37. Rb1 {[%emt 0:00:03]} 1/2-1/2

[Event "SVK Amateur-ch 2020"]
[Site "Topolcany"]
[Date "2020.07.11"]
[Round "3.3"]
[White "Alexandrova, Angelina"]
[Black "Kaniansky Miroslav"]
[Result "1/2-1/2"]
[WhiteElo "1839"]
[BlackElo "2100"]
[Annotator "ChessBase"]
[PlyCount "61"]
[EventDate "2020.07.10"]
[EventType "swiss"]
[EventCountry "SVK"]
[SourceTitle "playchess.com"]
[Source "ChessBase"]
[SourceQuality "1"]
[TimeControl "3600+30"]

1. Nf3 {[%emt 0:00:00]} d5 {[%emt 0:00:00]} 2. d4 {[%emt 0:00:00]} Nf6 {[%emt 0:00:28]} 3. c4 {[%emt 0:00:00]} c6 {[%emt 0:00:16]} 4. e3 {[%emt 0:00:09]} g6 {[%emt 0:01:00]} 5. Nc3 {[%emt 0:00:18]} Bg7 {[%emt 0:00:09]} 6. Be2 {[%emt 0:00:14]} O-O {[%emt 0:00:06]} 7. O-O {[%emt 0:00:06]} Nbd7 {[%emt 0:04:17]} 8. cxd5 {[%emt 0:00:16]} cxd5 {[%emt 0:00:06]} 9. Qb3 {[%emt 0:00:24]} e6 {[%emt 0:03:58]} 10. Bd2 {[%emt 0:01:00]} Ne4 {[%emt 0:05:40]} 11. Rad1 {[%emt 0:07:45]} Nxd2 {[%emt 0:02:19]} 12. Rxd2 {[%emt 0:03:16]} Qb6 {[%emt 0:03:38]} 13. Rc1 {[%emt 0:05:58]} Qxb3 {[%emt 0:08:28]} 14. axb3 {[%emt 0:00:06]} Nb6 {[%emt 0:00:03]} 15. Rdc2 {[%emt 0:08:19]} Bd7 {[%emt 0:05:45]} 16. Nb5 {[%emt 0:00:44]} Bxb5 {[%emt 0:04:37]} 17. Bxb5 {[%emt 0:00:07]} Rfc8 {[%emt 0:00:04]} 18. Rc7 {[%emt 0:07:35]} Bf8 {[%emt 0:01:01]} 19. g3 {[%emt 0:02:33]} Bd6 {[%emt 0:03:16]} 20. Rxc8+ {[%emt 0:00:10]} Rxc8 {[%emt 0:00:08]} 21. Rxc8+ {[%emt 0:00:08]} Nxc8 {[%emt 0:00:05]} 22. Kf1 {[%emt 0:03:54]} Kf8 {[%emt 0:00:06]} 23. Nd2 {[%emt 0:00:50]} Ke7 {[%emt 0:00:16]} 24. Ke2 {[%emt 0:00:23]} Bb4 {[%emt 0:01:09]} 25. f3 {[%emt 0:00:54]} a6 {[%emt 0:03:23]} 26. Bd3 {[%emt 0:00:13]} Na7 {[%emt 0:00:11]} 27. Nb1 {[%emt 0:02:34]} Nc6 {[%emt 0:01:08]} 28. Bc2 {[%emt 0:00:48]} Kd6 {[%emt 0:01:45]} 29. Kd3 {[%emt 0:00:18]} e5 {[%emt 0:04:02]} 30. dxe5+ {[%emt 0:01:42]} Nxe5+ {[%emt 0:00:27]} 31. Ke2 {[%emt 0:00:17]} 1/2-1/2

[Event "SVK Amateur-ch 2020"]
[Site "Topolcany"]
[Date "2020.07.11"]
[Round "3.4"]
[White "Varga, Marcell"]
[Black "Nadzamova, Viktoria"]
[Result "1-0"]
[WhiteElo "2150"]
[BlackElo "2046"]
[Annotator "RC"]
[PlyCount "119"]
[EventDate "2020.07.10"]
[EventType "swiss"]
[EventCountry "SVK"]
[SourceTitle "playchess.com"]
[Source "ChessBase"]
[SourceQuality "1"]
[TimeControl "3600+30"]

1. d4 {[%emt 0:00:00]} Nf6 {[%emt 0:00:00]} 2. c4 {[%emt 0:00:35]} e6 {[%emt 0:00:00]} 3. Nf3 {[%emt 0:01:00]} b6 {[%emt 0:00:12]} 4. Nc3 {[%emt 0:05:07]} Bb7 {[%emt 0:01:30]} 5. g3 {[%emt 0:01:36]} Be7 {[%emt 0:01:35]} 6. Bg2 {[%emt 0:00:16]} O-O {[%emt 0:00:53]} 7. O-O {[%emt 0:03:05]} d6 {[%emt 0:01:34]} 8. Re1 {[%emt 0:01:31]} Nbd7 {[%emt 0:05:10]} 9. e4 {[%emt 0:02:02]} e5 {[%emt 0:12:01]} 10. d5 {[%emt 0:09:35]} Ne8 {[%emt 0:05:11]} 11. Be3 {[%emt 0:03:06]} c5 {[%emt 0:02:18]} 12. Nd2 {[%emt 0:03:19]} Bg5 {[%emt 0:06:05]} 13. Nf1 {[%emt 0:06:36]} g6 {[%emt 0:04:42]} 14. Bh3 {[%emt 0:00:02]} Bc8 {[%emt 0:01:03]} 15. f4 {[%emt 0:03:41]} exf4 {[%emt 0:01:38]} 16. gxf4 {[%emt 0:00:11]} Bh4 {[%emt 0:01:09]} 17. Ng3 {[%emt 0:00:14]} Ndf6 {[%emt 0:02:12]} 18. Kg2 {[%emt 0:02:25]} Bxh3+ {[%emt 0:02:25]} 19. Kxh3 {[%emt 0:00:03]} Nh5 {[%emt 0:00:57]} 20. Qg4 {[%emt 0:04:15]} Bxg3 {[%emt 0:03:57]} 21. hxg3 {[%emt 0:00:16]} Nhf6 {[%emt 0:00:55]} 22. Qf3 {[%emt 0:01:47]} Qd7+ {[%emt 0:03:01]} 23. Kg2 {[%emt 0:00:11]} Ng4 {[%emt 0:00:14]} 24. Bd2 {[%emt 0:00:36]} Ng7 {[%emt 0:03:08]} 25. Nd1 {[%emt 0:01:18]} Rae8 {[%emt 0:01:11]} 26. Bc3 {[%emt 0:00:25]} f6 {[%emt 0:02:04]} 27. b3 {[%emt 0:03:10]} h5 {[%emt 0:01:29]} 28. a4 {[%emt 0:03:26]} a6 {[%emt 0:00:35]} 29. Ne3 {[%emt 0:01:16]} f5 {[%emt 0:02:12]} 30. Nxg4 {[%emt 0:05:26]} hxg4 {[%emt 0:00:15]} 31. Qd3 {[%emt 0:00:20]} fxe4 {[%emt 0:00:08]} 32. Rxe4 {[%emt 0:00:12]} Rxe4 {[%emt 0:00:09]} 33. Qxe4 {[%emt 0:00:06]} Qf5 {[%emt 0:00:16]} 34. Qxf5 {[%emt 0:02:35]} gxf5 {[%emt 0:00:14]} 35. Rh1 {[%emt 0:01:13]} Ne8 {[%emt 0:02:25]} 36. Rh8+ {[%emt 0:01:44]} Kf7 {[%emt 0:00:13]} 37. Rh7+ {[%emt 0:00:03]} Kg6 {[%emt 0:01:23]} 38. Rb7 {[%emt 0:00:41]} Nf6 {[%emt 0:01:04]} 39. Bxf6 {[%emt 0:00:27]} Kxf6 {[%emt 0:00:09]} 40. Rxb6 {[%emt 0:00:04]} Ke7 {[%emt 0:00:13]} 41. Rb7+ {[%emt 0:01:00]} Kd8 {[%emt 0:01:50]} 42. Ra7 {[%emt 0:00:18]} Re8 {[%emt 0:00:30]} 43. Rxa6 {[%emt 0:00:42]} Re2+ {[%emt 0:01:20]} 44. Kf1 {[%emt 0:00:14]} Re3 {[%emt 0:00:57]} 45. Rxd6+ {[%emt 0:00:15]} Kc7 {[%emt 0:00:32]} 46. Rc6+ {[%emt 0:00:17]} Kd7 {[%emt 0:00:23]} 47. Kf2 {[%emt 0:01:44]} Rf3+ {[%emt 0:00:23]} 48. Kg2 {[%emt 0:00:19]} Rxb3 {[%emt 0:00:05]} 49. Rxc5 {[%emt 0:00:21]} Rb2+ {[%emt 0:00:18]} 50. Kf1 {[%emt 0:00:12]} Rb3 {[%emt 0:01:04]} 51. Kf2 {[%emt 0:00:42]} Rb2+ {[%emt 0:00:15]} 52. Ke3 {[%emt 0:00:36]} Rb3+ {[%emt 0:00:26]} 53. Kd4 {[%emt 0:00:13]} Rxg3 {[%emt 0:00:10]} 54. Rc6 {[%emt 0:00:35]} Ke7 {[%emt 0:01:21]} 55. Ke5 {[%emt 0:00:52]} Rc3 {[%emt 0:01:21]} 56. Kxf5 {[%emt 0:00:35]} g3 {[%emt 0:00:42]} 57. Rg6 {[%emt 0:03:27]} Rxc4 {[%emt 0:00:24]} 58. Rxg3 {[%emt 0:00:08]} Kd6 {[%emt 0:00:02]} 59. Rg6+ {[%emt 0:01:16]} Kxd5 {[%emt 0:00:22]} 60. Ra6 {[%emt 0:00:09]} 1-0

[Event "SVK Amateur-ch 2020"]
[Site "Topolcany"]
[Date "2020.07.11"]
[Round "3.4"]
[White "Suder, Jakub"]
[Black "Pasztor, Ladislav"]
[Result "1-0"]
[WhiteElo "2095"]
[BlackElo "1802"]
[Annotator "ChessBase"]
[PlyCount "63"]
[EventDate "2020.07.10"]
[EventType "swiss"]
[EventCountry "SVK"]
[SourceTitle "playchess.com"]
[Source "ChessBase"]
[SourceQuality "1"]
[TimeControl "3600+30"]

1. d4 {[%emt 0:00:00]} Nf6 {[%emt 0:00:00]} 2. c4 {[%emt 0:00:00]} g6 {[%emt 0:00:02]} 3. Nc3 {[%emt 0:00:00]} Bg7 {[%emt 0:00:06]} 4. e4 {[%emt 0:00:00]} d6 {[%emt 0:00:12]} 5. Nf3 {[%emt 0:00:01]} c6 {[%emt 0:01:10]} 6. Be2 {[%emt 0:00:09]} Qc7 {[%emt 0:00:34]} 7. O-O {[%emt 0:00:25]} Bg4 {[%emt 0:01:03]} 8. Ne1 {[%emt 0:03:42]} Bxe2 {[%emt 0:02:42]} 9. Qxe2 {[%emt 0:00:02]} Nbd7 {[%emt 0:01:37]} 10. Be3 {[%emt 0:02:47]} O-O {[%emt 0:00:52]} 11. f4 {[%emt 0:02:06]} h5 {[%emt 0:02:38]} 12. h3 {[%emt 0:02:07]} a6 {[%emt 0:03:23]} 13. e5 {[%emt 0:02:50]} Nh7 {[%emt 0:01:58]} 14. Nf3 {[%emt 0:02:58]} b5 {[%emt 0:05:52]} 15. e6 {[%emt 0:06:15]} fxe6 {[%emt 0:05:23]} 16. Nh4 {[%emt 0:05:14]} Rf6 {[%emt 0:03:22]} 17. Ne4 {[%emt 0:01:10]} Nhf8 {[%emt 0:03:12]} 18. Nxf6+ {[%emt 0:00:41]} exf6 {[%emt 0:00:55]} 19. g4 {[%emt 0:02:26]} hxg4 {[%emt 0:06:05]} 20. hxg4 {[%emt 0:00:09]} Kf7 {[%emt 0:06:12]} 21. Rae1 {[%emt 0:02:25]} bxc4 {[%emt 0:03:15]} 22. f5 {[%emt 0:02:07]} exf5 {[%emt 0:03:51]} 23. gxf5 {[%emt 0:01:01]} d5 {[%emt 0:02:38]} 24. Bf4 {[%emt 0:00:19]} Qb6 {[%emt 0:00:48]} 25. fxg6+ {[%emt 0:00:35]} Kg8 {[%emt 0:00:52]} 26. Nf5 {[%emt 0:00:07]} Nxg6 {[%emt 0:02:04]} 27. Qe6+ {[%emt 0:00:20]} Kh7 {[%emt 0:02:29]} 28. Qxd7 {[%emt 0:00:39]} Rg8 {[%emt 0:00:20]} 29. Re2 {[%emt 0:00:30]} Nxf4 {[%emt 0:00:30]} 30. Rxf4 {[%emt 0:00:13]} Kh8 {[%emt 0:01:24]} 31. Kh1 {[%emt 0:00:43]} Qd8 {[%emt 0:02:04]} 32. Rh2+ {[%emt 0:00:07]} 1-0

[Event "SVK Amateur-ch 2020"]
[Site "Topolcany"]
[Date "2020.07.11"]
[Round "3.5"]
[White "Oprea, Erik"]
[Black "Brnusak, Tomas"]
[Result "1/2-1/2"]
[WhiteElo "2113"]
[BlackElo "2028"]
[Annotator "ChessBase"]
[PlyCount "126"]
[EventDate "2020.07.10"]
[EventType "swiss"]
[EventCountry "SVK"]
[SourceTitle "playchess.com"]
[Source "ChessBase"]
[SourceQuality "1"]
[TimeControl "3600+30"]

1. d4 {[%emt 0:00:00]} f5 {[%emt 0:00:00]} 2. c4 {[%emt 0:00:08]} Nf6 {[%emt 0:00:30]} 3. Nc3 {[%emt 0:00:07]} e6 {[%emt 0:00:36]} 4. a3 {[%emt 0:00:11]} d5 {[%emt 0:01:02]} 5. Bf4 {[%emt 0:00:28]} Bd6 {[%emt 0:01:01]} 6. Bxd6 {[%emt 0:00:53]} Qxd6 {[%emt 0:00:16]} 7. c5 {[%emt 0:00:40]} Qe7 {[%emt 0:00:38]} 8. Nf3 {[%emt 0:05:13]} c6 {[%emt 0:01:10]} 9. Ne5 {[%emt 0:01:33]} Nbd7 {[%emt 0:00:48]} 10. f4 {[%emt 0:01:11]} Nxe5 {[%emt 0:02:04]} 11. fxe5 {[%emt 0:00:14]} Ng4 {[%emt 0:01:45]} 12. Qd2 {[%emt 0:03:34]} O-O {[%emt 0:00:42]} 13. e3 {[%emt 0:01:04]} Qg5 {[%emt 0:00:34]} 14. g3 {[%emt 0:08:51]} Qxe3+ {[%emt 0:02:47]} 15. Qxe3 {[%emt 0:00:12]} Nxe3 {[%emt 0:00:07]} 16. Bd3 {[%emt 0:06:34]} f4 {[%emt 0:05:34]} 17. Kd2 {[%emt 0:12:57]} Ng4 {[%emt 0:08:08]} 18. Raf1 {[%emt 0:01:00]} f3 {[%emt 0:06:02]} 19. h3 {[%emt 0:01:03]} Nh6 {[%emt 0:00:15]} 20. g4 {[%emt 0:05:14]} Bd7 {[%emt 0:01:05]} 21. Ke3 {[%emt 0:00:10]} g5 {[%emt 0:03:31]} 22. Rxf3 {[%emt 0:00:12]} Rxf3+ {[%emt 0:00:05]} 23. Kxf3 {[%emt 0:00:03]} Rf8+ {[%emt 0:00:09]} 24. Ke3 {[%emt 0:00:08]} Kg7 {[%emt 0:00:09]} 25. Ne2 {[%emt 0:00:48]} Ng8 {[%emt 0:01:53]} 26. Ng3 {[%emt 0:00:38]} Be8 {[%emt 0:00:10]} 27. Rf1 {[%emt 0:00:13]} Rxf1 {[%emt 0:00:10]} 28. Bxf1 {[%emt 0:00:31]} Ne7 {[%emt 0:01:04]} 29. b4 {[%emt 0:00:39]} a6 {[%emt 0:00:37]} 30. Bd3 {[%emt 0:00:32]} Bg6 {[%emt 0:01:55]} 31. Bf1 {[%emt 0:00:38]} Kf7 {[%emt 0:01:00]} 32. Kd2 {[%emt 0:01:01]} Ke8 {[%emt 0:02:06]} 33. a4 {[%emt 0:00:43]} Kd8 {[%emt 0:00:51]} 34. Ne2 {[%emt 0:00:51]} Be8 {[%emt 0:00:48]} 35. Nc3 {[%emt 0:03:00]} Ng6 {[%emt 0:00:34]} 36. Bd3 {[%emt 0:00:54]} h6 {[%emt 0:00:31]} 37. Bxg6 {[%emt 0:00:18]} Bxg6 {[%emt 0:00:05]} 38. Ke3 {[%emt 0:02:58]} Kd7 {[%emt 0:04:42]} 39. a5 {[%emt 0:00:47]} Bc2 {[%emt 0:00:42]} 40. Kf3 {[%emt 0:00:43]} Be4+ {[%emt 0:00:16]} 41. Kg3 {[%emt 0:02:52]} Bd3 {[%emt 0:00:12]} 42. Nd1 {[%emt 0:00:29]} Ke7 {[%emt 0:00:36]} 43. h4 {[%emt 0:00:17]} Kf7 {[%emt 0:00:32]} 44. Nc3 {[%emt 0:00:39]} Bb5 {[%emt 0:00:28]} 45. Nd1 {[%emt 0:01:42]} Kg6 {[%emt 0:00:22]} 46. Nf2 {[%emt 0:00:58]} Be2 {[%emt 0:01:28]} 47. Nh1 {[%emt 0:01:14]} Kg7 {[%emt 0:01:04]} 48. Kh3 {[%emt 0:01:46]} Bf1+ {[%emt 0:00:06]} 49. Kg3 {[%emt 0:00:08]} Be2 {[%emt 0:00:04]} 50. Nf2 {[%emt 0:00:38]} Kg6 {[%emt 0:00:09]} 51. Nh3 {[%emt 0:00:34]} Bd1 {[%emt 0:00:46]} 52. Ng1 {[%emt 0:01:22]} Kg7 {[%emt 0:00:11]} 53. h5 {[%emt 0:02:49]} Kf7 {[%emt 0:00:14]} 54. Nh3 {[%emt 0:00:06]} Kg7 {[%emt 0:00:10]} 55. Nf2 {[%emt 0:00:06]} Be2 {[%emt 0:00:05]} 56. Kg2 {[%emt 0:00:13]} Kf7 {[%emt 0:00:09]} 57. Kg1 {[%emt 0:00:28]} Kg7 {[%emt 0:00:09]} 58. Kg2 {[%emt 0:00:25]} Kf7 {[%emt 0:00:05]} 59. Kg3 {[%emt 0:00:07]} Kg7 {[%emt 0:00:07]} 60. Nh3 {[%emt 0:00:52]} Kf7 {[%emt 0:00:17]} 61. Ng1 {[%emt 0:00:34]} Bd1 {[%emt 0:00:09]} 62. Nf3 {[%emt 0:01:00]} Bxf3 {[%emt 0:00:07]} 63. Kxf3 {[%emt 0:00:03]} Ke7 {[%emt 0:00:12]} 1/2-1/2

[Event "SVK Amateur-ch 2020"]
[Site "Topolcany"]
[Date "2020.07.11"]
[Round "3.5"]
[White "Kapec, Kristian"]
[Black "Balazs, Ladislav"]
[Result "0-1"]
[WhiteElo "1786"]
[BlackElo "2122"]
[Annotator "ChessBase"]
[PlyCount "72"]
[EventDate "2020.07.10"]
[EventType "swiss"]
[EventCountry "SVK"]
[SourceTitle "playchess.com"]
[Source "ChessBase"]
[SourceQuality "1"]
[TimeControl "3600+30"]

1. e4 {[%emt 0:00:00]} c5 {[%emt 0:00:00]} 2. d4 {[%emt 0:00:00]} cxd4 {[%emt 0:00:03]} 3. c3 {[%emt 0:00:00]} Nf6 {[%emt 0:00:05]} 4. e5 {[%emt 0:00:00]} Nd5 {[%emt 0:00:04]} 5. cxd4 {[%emt 0:00:00]} e6 {[%emt 0:00:04]} 6. Nf3 {[%emt 0:00:35]} d6 {[%emt 0:00:35]} 7. Bc4 {[%emt 0:03:33]} Nb6 {[%emt 0:02:27]} 8. Bb3 {[%emt 0:00:23]} Nc6 {[%emt 0:00:12]} 9. Bf4 {[%emt 0:02:53]} d5 {[%emt 0:00:13]} 10. Nc3 {[%emt 0:00:47]} Be7 {[%emt 0:00:42]} 11. Bc2 {[%emt 0:01:16]} Nc4 {[%emt 0:01:10]} 12. Rb1 {[%emt 0:03:42]} Qa5 {[%emt 0:01:14]} 13. Bd2 {[%emt 0:05:30]} Nxd2 {[%emt 0:02:08]} 14. Qxd2 {[%emt 0:00:05]} Bd7 {[%emt 0:01:07]} 15. a3 {[%emt 0:02:34]} Rc8 {[%emt 0:02:02]} 16. Ne2 {[%emt 0:01:50]} Nb4 {[%emt 0:06:33]} 17. axb4 {[%emt 0:10:14]} Bxb4 {[%emt 0:00:10]} 18. Nc3 {[%emt 0:00:06]} Rxc3 {[%emt 0:00:08]} 19. bxc3 {[%emt 0:00:10]} Bxc3 {[%emt 0:00:09]} 20. Rxb7 {[%emt 0:02:21]} Ke7 {[%emt 0:03:51]} 21. Bd3 {[%emt 0:13:11]} Bxd2+ {[%emt 0:00:09]} 22. Nxd2 {[%emt 0:00:21]} Qa1+ {[%emt 0:00:13]} 23. Bb1 {[%emt 0:05:11]} Qxd4 {[%emt 0:00:23]} 24. Nf3 {[%emt 0:00:27]} Qc3+ {[%emt 0:00:05]} 25. Ke2 {[%emt 0:00:16]} a5 {[%emt 0:00:43]} 26. Bd3 {[%emt 0:00:21]} Rc8 {[%emt 0:01:31]} 27. Rhb1 {[%emt 0:00:38]} Rc7 {[%emt 0:02:15]} 28. R7b3 {[%emt 0:00:40]} Qc5 {[%emt 0:00:10]} 29. Ra1 {[%emt 0:01:00]} a4 {[%emt 0:00:24]} 30. Rb2 {[%emt 0:00:48]} Qc3 {[%emt 0:00:11]} 31. Raa2 {[%emt 0:01:11]} Qa5 {[%emt 0:00:23]} 32. Nd4 {[%emt 0:00:38]} f6 {[%emt 0:00:44]} 33. f4 {[%emt 0:01:05]} fxe5 {[%emt 0:00:04]} 34. fxe5 {[%emt 0:00:03]} Rc1 {[%emt 0:00:42]} 35. Rb1 {[%emt 0:01:29]} Qe1+ {[%emt 0:00:14]} 36. Kf3 {[%emt 0:00:23]} Rxb1 {[%emt 0:00:14]} 0-1